01407nam a22002297a 4500003000900000008004100009040007100050082002500121110005500146245014300201260002800344300004600372440004500418505052100463650002400984650002301008650001001031650003001041700002401071700002701095710005501122AR-CdUCM190425b ||||| |||| 00| 0 spa d aMUNICIPALIDAD PROVINCIAL DEL CUSCOcBIBLIOTECA MUNICIPAL DEL CUSCO aRev.Anto/N°116/2010 aUniversidad Nacional de San Antonio Abad del Cusco aEl Antoniano :bRevista científico cultural de la Universidad Nacional de San Antonio Abad del Cusco /cHugo Bonet Rodríguez, director aCusco :bUNSAAC,c2010. a190 páginas. :bilustraciones ;c29 cm. aEl Antononiano.nAño 20, N°116, 2010. aContenido: Negro y Yana en la región Eurandina. Jorge Flores Ochoa. -- Juan Bravo Vizcarra. Ángel Avendaño. -- Escultura colonial cusqueña. Francisco de Goya Benavente Gutiérrez. -- Garcilaso Inca de la Vega. Carlos Rado. -- Cosmovisiones amazónicas. Rodolfo Sánchez Garrafa. -- La industria en el Cusco. Diana Castillo. -- El trueque. Mario Morvelí Salas. -- Yachachiq. Gonzalo Valderrama Escalante. -- Contaminación del río Huatanay. Carlos Hugo Loaiza. -- Somos los Inkas. Juan Bravo Vizcarra. aFolklore cusqueño aIdentidad cultural aInkas aAntropología cusqueña aFlores Ochoa, Jorge aMorvelí Salas, Mario aUniversidad Nacional de San Antonio Abad del Cusco